[Event "GER-ch 86th"]
[Site "Saarbruecken"]
[Date "2015.12.10"]
[Round "8"]
[White "Groeger, Stefan"]
[Black "Bode, Wilfried"]
[Result "0-1"]
[WhiteElo "2087"]
[BlackElo "2338"]
[EventDate "2015.12.03"]
[PlyCount "100"]

1. d4 g6 2. c4 Bg7 3. Nc3 d6 4. e4 e5 5. Nf3 Nc6 6. Bg5 f6 7. Be3 Nh6 8. h3 Nf7 9. d5 Ne7 10. g4 Bh6 11. Qd2 Bxe3 12. fxe3 h5 13. Rg1 hxg4 14. hxg4 Ng8 15. O-O-O Kf8 16. Rg3 Kg7 17. Qg2 Ng5 18. Nd2 Nh6 19. Be2 Bd7 20. Qf2 Qe7 21. Rdg1 Nhf7 22. Qe1 Rh2 23. R3g2 Rah8 24. Nf1 Rxg2 25. Rxg2 Qd8 26. Kc2 a6 27. Kd3 Qb8 28. b3 Qa7 29. Rh2 Rb8 30. Qc1 Qc5 31. Nd2 b5 32. Ncb1 b4 33. a4 bxa3 34. Qxa3 Qb6 35. Nc3 Nd8 36. Rh1 a5 37. Na4 Qb4 38. Qxb4 axb4 39. Ra1 Ra8 40. Ra2 Nb7 41. Nc3 Nc5+ 42. Kc2 Rh8 43. Ncb1 Rh2 44. Bd1 Ngxe4 45. Ra7 Nxd2 46. Nxd2 Kh6 47. Kc1 Rh1 48. Kc2 Rh2 49. Kc1 Rh1 50. Kc2 f5 0-1

[Event "GER-ch 86th"]
[Site "Saarbruecken"]
[Date "2015.12.10"]
[Round "8"]
[White "Hirneise, Jens"]
[Black "Poetsch, Hagen"]
[Result "0-1"]
[WhiteElo "2266"]
[BlackElo "2514"]
[EventDate "2015.12.03"]
[PlyCount "68"]

1. e4 c5 2. Nf3 d6 3. d4 cxd4 4. Nxd4 e6 5. Nc3 a6 6. g4 b5 7. Bg2 Bb7 8. Be3 Ne7 9. Qe2 Nbc6 10. f4 Nxd4 11. Bxd4 Ng6 12. f5 Nf4 13. Qf3 Nxg2+ 14. Qxg2 b4 15. fxe6 bxc3 16. exf7+ Kxf7 17. O-O+ Kg8 18. Rf4 g5 19. Rf5 Bg7 20. bxc3 Qe7 21. Bxg7 Kxg7 22. Qd2 Rhf8 23. Qd4+ Kg8 24. Re1 Rae8 25. c4 Rxf5 26. gxf5 Bxe4 27. f6 Qe6 28. Re3 Qg4+ 29. Rg3 Qf4 30. Re3 Re6 31. c5 Rxf6 32. Qc4+ d5 33. Qe2 Qe5 34. c3 Qb8 0-1

[Event "GER-ch 86th"]
[Site "Saarbruecken"]
[Date "2015.12.10"]
[Round "8"]
[White "Keymer, Vincent"]
[Black "Fuellgrabe, Thomas"]
[Result "1-0"]
[WhiteElo "2342"]
[BlackElo "2244"]
[EventDate "2015.12.03"]
[PlyCount "73"]

1. d4 Nf6 2. c4 e6 3. Nf3 Bb4+ 4. Nbd2 d6 5. a3 Bxd2+ 6. Qxd2 Nbd7 7. e3 e5 8. dxe5 dxe5 9. b4 O-O 10. Bb2 Qe7 11. Qc3 Re8 12. Be2 b6 13. Rd1 Bb7 14. O-O Rad8 15. Nd2 Nf8 16. f3 N6d7 17. Bd3 f6 18. Qc2 c5 19. Bc3 h6 20. Ne4 f5 21. Ng3 g6 22. Qb2 h5 23. Qf2 Nf6 24. Bc2 N8d7 25. Ba4 Rf8 26. Ne2 Kh7 27. Qh4 Qe6 28. Rd2 Rg8 29. Rfd1 Qf7 30. f4 Qxc4 31. Bxd7 Nd5 32. Be6 Qe4 33. Bxg8+ Rxg8 34. Bxe5 Nf6 35. Rd7+ Nxd7 36. Rxd7+ Kh6 37. Qg5# 1-0

[Event "GER-ch 86th"]
[Site "Saarbruecken"]
[Date "2015.12.10"]
[Round "8"]
[White "Khenkin, Igor"]
[Black "Fridman, Daniel"]
[Result "0-1"]
[WhiteElo "2594"]
[BlackElo "2627"]
[EventDate "2015.12.03"]
[PlyCount "84"]

1. d4 Nf6 2. c4 e6 3. Nf3 d5 4. Nc3 c6 5. Bg5 dxc4 6. e4 b5 7. e5 h6 8. Bh4 g5 9. Nxg5 hxg5 10. Bxg5 Be7 11. exf6 Bxf6 12. Bxf6 Qxf6 13. g3 Na6 14. Bg2 Bb7 15. Ne4 Qe7 16. O-O O-O-O 17. a4 f5 18. Nc3 b4 19. Ne2 e5 20. Qc2 Qf7 21. dxe5 b3 22. Qc3 Qh5 23. Rfe1 Qxh2+ 24. Kf1 c5 25. Bxb7+ Kxb7 26. Qf3+ Kb8 27. Rad1 Qh3+ 28. Qg2 Qxg2+ 29. Kxg2 Nb4 30. Rxd8+ Rxd8 31. Nc3 a6 32. e6 Re8 33. Re2 Kc7 34. Nd1 Nd3 35. e7 Kd7 36. Rd2 Rxe7 37. Ne3 Rxe3 38. fxe3 Kc6 39. Kf3 Kb6 40. e4 fxe4+ 41. Kxe4 Nxb2 42. Rxb2 Ka5 0-1

[Event "GER-ch 86th"]
[Site "Saarbruecken"]
[Date "2015.12.10"]
[Round "8"]
[White "Kollars, Dmitrij"]
[Black "Zude, Erik"]
[Result "1/2-1/2"]
[WhiteElo "2445"]
[BlackElo "2394"]
[EventDate "2015.12.03"]
[PlyCount "111"]

1. e4 e5 2. Nf3 d6 3. d4 exd4 4. Nxd4 Nf6 5. Nc3 Be7 6. g3 O-O 7. Bg2 Re8 8. O-O Bf8 9. h3 Nbd7 10. Re1 c6 11. a4 a5 12. b3 Nc5 13. Bb2 g6 14. Qd2 Bg7 15. Rad1 Qb6 16. Ba3 Be6 17. Qe3 Nfd7 18. Nce2 Bd5 19. Nc3 Bxe4 20. Nxe4 Nxe4 21. Bxe4 d5 22. Nf5 Qxe3 23. Rxe3 gxf5 24. Bxf5 Rxe3 25. fxe3 Bf8 26. Bb2 Nc5 27. Rd4 h5 28. Rh4 Bg7 29. Bd4 Bxd4 30. exd4 Ne6 31. Bxe6 fxe6 32. Rxh5 b5 33. Kf2 bxa4 34. bxa4 Rb8 35. Rh6 Kf7 36. Rh7+ Kf6 37. Ra7 Rb2 38. Rxa5 Rxc2+ 39. Kf3 Rc3+ 40. Kg4 Rd3 41. h4 Rxd4+ 42. Kh5 Rb4 43. Rc5 Rxa4 44. Rxc6 d4 45. Rd6 Ke5 46. Rd8 Ra3 47. g4 Ke4 48. Kg6 e5 49. h5 Kf4 50. h6 Kxg4 51. h7 Ra6+ 52. Kg7 Ra7+ 53. Kg8 Rxh7 54. Kxh7 e4 55. Rxd4 Kf3 56. Rxe4 1/2-1/2

[Event "GER-ch 86th"]
[Site "Saarbruecken"]
[Date "2015.12.10"]
[Round "8"]
[White "Kunin, Vitaly L"]
[Black "Donchenko, Alexander"]
[Result "1/2-1/2"]
[WhiteElo "2561"]
[BlackElo "2582"]
[EventDate "2015.12.03"]
[PlyCount "126"]

1. Nf3 d5 2. g3 g6 3. Bg2 Bg7 4. d4 c6 5. O-O Nf6 6. c3 O-O 7. Nbd2 Bf5 8. Nh4 Be6 9. e4 dxe4 10. Nxe4 Nxe4 11. Bxe4 Bd5 12. Qe2 Bxe4 13. Qxe4 e6 14. Nf3 Qd5 15. Re1 Nd7 16. Bf4 Qxe4 17. Rxe4 c5 18. Bd6 Rfc8 19. dxc5 Nxc5 20. Re2 Na4 21. Be5 f6 22. Bf4 e5 23. Be3 Rd8 24. Rc1 f5 25. Ng5 Rd3 26. Kg2 a6 27. b3 Nxc3 28. Rec2 e4 29. Bd2 Nb5 30. Rc8+ Rd8 31. Rxa8 Rxa8 32. a4 Nd4 33. Rc7 Nxb3 34. Be3 b5 35. axb5 axb5 36. Rb7 Nd4 37. Bxd4 Bxd4 38. Rxb5 e3 39. fxe3 Bxe3 40. h4 Ra7 41. Kf3 Bd2 42. Rc5 Be1 43. Rc8+ Kg7 44. Rc7+ Rxc7 45. Ne6+ Kf6 46. Nxc7 Ke5 47. Na6 Kd6 48. g4 fxg4+ 49. Kxg4 h6 50. h5 g5 51. Kf5 Bc3 52. Kg4 Kc6 53. Kf5 Kb6 54. Nb8 Bg7 55. Ke4 Kb7 56. Nd7 Kc6 57. Nb8+ Kd6 58. Na6 Bc3 59. Kf5 Bd2 60. Kg4 Be3 61. Nb4 Bc5 62. Nd3 Kd5 63. Kf5 Bd4 1/2-1/2

[Event "GER-ch 86th"]
[Site "Saarbruecken"]
[Date "2015.12.10"]
[Round "8"]
[White "Mailitis, Kai"]
[Black "Dorst, Johannes"]
[Result "0-1"]
[WhiteElo "2087"]
[BlackElo "2224"]
[EventDate "2015.12.03"]
[PlyCount "92"]

1. d4 Nf6 2. Bg5 Ne4 3. Bf4 d5 4. f3 Nf6 5. Nc3 e6 6. e4 c5 7. exd5 exd5 8. Bxb8 Rxb8 9. Bb5+ Bd7 10. Qe2+ Be7 11. dxc5 O-O 12. O-O-O Be6 13. Nh3 a6 14. Ba4 Qc7 15. Kb1 Rbd8 16. Rhe1 Bxc5 17. Ng5 Bc8 18. g4 Bb4 19. Qd3 Bxc3 20. Qxc3 Qf4 21. Nxf7 Rxf7 22. Bb3 h6 23. h4 Rff8 24. g5 hxg5 25. hxg5 Qxg5 26. Re5 Qf4 27. Qc7 Rd7 28. Rexd5 Rxc7 29. R5d4+ Kh7 30. Rxf4 g5 31. Rfd4 Bf5 32. Rd6 Kg6 33. Rg1 Re8 34. Rd2 Rce7 35. a4 Re1+ 36. Rxe1 Rxe1+ 37. Ka2 Rf1 38. Rd6 Rxf3 39. Bd5 Rf4 40. Bxb7 Bxc2 41. Rxa6 Bxa4 42. Bc8 g4 43. b4 Bb5 44. Rb6 Bc4+ 45. Kb2 Kg5 46. Rc6 Bd5 0-1

[Event "GER-ch 86th"]
[Site "Saarbruecken"]
[Date "2015.12.10"]
[Round "8"]
[White "Margraf, Daniel"]
[Black "Zuferi, Enis"]
[Result "1/2-1/2"]
[WhiteElo "2277"]
[BlackElo "2210"]
[EventDate "2015.12.03"]
[PlyCount "143"]

1. e4 c5 2. Nc3 a6 3. g3 b5 4. Bg2 Bb7 5. d3 e6 6. Nh3 d5 7. exd5 exd5 8. O-O Be7 9. Re1 Nf6 10. Bg5 O-O 11. Nf4 Ra7 12. Rxe7 Qxe7 13. Ncxd5 Qe5 14. Nxf6+ Kh8 15. Bxb7 Rxb7 16. Ne4 f6 17. Bh4 g5 18. Qh5 Rg7 19. Qh6 Nd7 20. Ng2 Qxb2 21. Rf1 gxh4 22. Nxh4 Qxc2 23. Nf5 Rg6 24. Qe3 Re8 25. Nfd6 Re7 26. h4 Qxa2 27. h5 Rg8 28. Nf5 Re5 29. Nh6 f5 30. Qf4 Rf8 31. Ng5 Rf6 32. Nf3 Qe6 33. Ng5 Qe8 34. Nf3 Rd5 35. Qg5 Qf8 36. Ng4 fxg4 37. Qxd5 gxf3 38. Qxd7 Qd6 39. Qg4 Qe6 40. Qh4 Qe5 41. Qg4 Qf5 42. Qh4 Re6 43. h6 Kg8 44. Qd8+ Qf8 45. Qd5 Qd6 46. Qxf3 Rxh6 47. Re1 Qc6 48. Re4 Rf6 49. Qh5 h6 50. Re8+ Kg7 51. Re7+ Kf8 52. Ra7 Qd6 53. Qg4 Rf7 54. Ra8+ Ke7 55. Qh4+ Rf6 56. Ra7+ Kf8 57. Qg4 Rf7 58. Ra8+ Ke7 59. Qh4+ Rf6 60. Qe4+ Re6 61. Qh7+ Kf6 62. Qxh6+ Ke5 63. Qf4+ Kd5 64. Qf3+ Kd4 65. Rf8 Qc6 66. Qf4+ Kc3 67. Qc1+ Kb3 68. Qb1+ Kc3 69. Qa1+ Kc2 70. Qa2+ Kc3 71. Qa3+ Kc2 72. Qa2+ 1/2-1/2

[Event "GER-ch 86th"]
[Site "Saarbruecken"]
[Date "2015.12.10"]
[Round "8"]
[White "Mueller, Nick"]
[Black "Carow, Johannes"]
[Result "1/2-1/2"]
[WhiteElo "2175"]
[BlackElo "2431"]
[EventDate "2015.12.03"]
[PlyCount "80"]

1. d4 Nf6 2. c4 c5 3. d5 b5 4. cxb5 a6 5. f3 e6 6. e4 c4 7. Bxc4 Bc5 8. Nc3 axb5 9. Bxb5 Bb7 10. Nge2 exd5 11. e5 Ng8 12. Qd3 Nc6 13. Qxd5 Qb6 14. Bc4 Nd8 15. Qd3 Ne7 16. Ne4 Bb4+ 17. N2c3 Bxe4 18. Qxe4 Bxc3+ 19. bxc3 Rc8 20. Bb3 Rxc3 21. Bd2 Rc8 22. Be3 Qa5+ 23. Kf2 Ne6 24. Rac1 O-O 25. Rhd1 Nc5 26. Rxc5 Rxc5 27. Bxc5 Qxc5+ 28. Qd4 Qa5 29. g4 Nc6 30. Qd5 Qc3 31. f4 Na5 32. Rd3 Qb2+ 33. Rd2 Qc3 34. Rc2 Qb4 35. Qd2 Qb6+ 36. Qe3 Qh6 37. Kg3 Nxb3 38. axb3 Qa6 39. Qd4 Rb8 40. Qc4 Qb7 1/2-1/2

[Event "GER-ch 86th"]
[Site "Saarbruecken"]
[Date "2015.12.10"]
[Round "8"]
[White "Mueller, Reinhold"]
[Black "Weber, Max"]
[Result "1-0"]
[WhiteElo "2324"]
[BlackElo "2160"]
[EventDate "2015.12.03"]
[PlyCount "83"]

1. d4 Nf6 2. c4 g6 3. Nc3 d5 4. Nf3 Bg7 5. Qb3 dxc4 6. Qxc4 O-O 7. e4 Nc6 8. h3 e5 9. dxe5 Nd7 10. e6 fxe6 11. Bg5 Nde5 12. Bxd8 Nxc4 13. Bxc4 Rxd8 14. O-O Na5 15. Be2 Bd7 16. Rfd1 Kf8 17. Rac1 Rac8 18. b4 Nc6 19. b5 Ne5 20. Ng5 h6 21. Rxd7 Rxd7 22. Nxe6+ Kf7 23. Nc5 Rd2 24. f4 Nf3+ 25. Bxf3 Bd4+ 26. Kh1 Bxc5 27. e5 Be3 28. Nd5 Bb6 29. e6+ Kg7 30. Nxb6 axb6 31. Bxb7 Re8 32. Rxc7+ Kf6 33. Bc8 Re7 34. Bd7 Rxa2 35. Rc6 g5 36. fxg5+ hxg5 37. Rxb6 g4 38. hxg4 Rg7 39. Ra6 Rxa6 40. bxa6 Rg5 41. e7 Kxe7 42. Bf5 1-0

[Event "GER-ch 86th"]
[Site "Saarbruecken"]
[Date "2015.12.10"]
[Round "8"]
[White "Paulsen, Dirk"]
[Black "Middelhoff, Cornelius"]
[Result "1/2-1/2"]
[WhiteElo "2303"]
[BlackElo "2137"]
[EventDate "2015.12.03"]
[PlyCount "80"]

1. d4 Nf6 2. c4 g6 3. Nc3 d5 4. Qa4+ Bd7 5. Qc2 c5 6. dxc5 Qa5 7. cxd5 Nxd5 8. Bd2 Nb4 9. Qd1 Qxc5 10. e4 Bg7 11. Nf3 O-O 12. Rc1 Qd6 13. a3 Nd3+ 14. Bxd3 Qxd3 15. Qe2 Qxe2+ 16. Kxe2 Nc6 17. Be3 Rfd8 18. Rhd1 Be6 19. Nd5 Bxb2 20. Rb1 Bxa3 21. Rxb7 Bc8 22. Rb3 Bd6 23. Rc1 Na5 24. Rbc3 Bb7 25. Ra1 Bxd5 26. exd5 Bb4 27. Rd3 Nc4 28. Rxa7 Rxa7 29. Bxa7 Ra8 30. Bd4 Ra2+ 31. Kf1 Nd2+ 32. Nxd2 Rxd2 33. Rxd2 Bxd2 34. Ke2 Bb4 35. Be5 Kf8 36. Kd3 Ke8 37. Kc4 Ba3 38. h3 Kd7 39. f3 e6 40. dxe6+ Kxe6 1/2-1/2

[Event "GER-ch 86th"]
[Site "Saarbruecken"]
[Date "2015.12.10"]
[Round "8"]
[White "Riegler, Dieter"]
[Black "Scherer, Max"]
[Result "1-0"]
[WhiteElo "2075"]
[BlackElo "2236"]
[EventDate "2015.12.03"]
[PlyCount "67"]

1. d4 b6 2. c4 e6 3. a3 Bb7 4. Nc3 f5 5. d5 a5 6. Nf3 Na6 7. g3 Nf6 8. Bg2 Nc5 9. O-O Be7 10. Bf4 O-O 11. Nb5 Ne8 12. Nxc7 Nxc7 13. d6 Ne8 14. dxe7 Qxe7 15. b4 Ne4 16. Qb3 d6 17. Be3 a4 18. Qb2 g5 19. Nxg5 Nxg5 20. Bxg5 Qxg5 21. Bxb7 Ra7 22. Bg2 f4 23. Qd4 Qd8 24. Rad1 Rc7 25. gxf4 Qc8 26. Rd3 Rxc4 27. Rg3+ Kf7 28. Qxb6 Rxf4 29. Qa7+ Qc7 30. Qxa4 Nf6 31. Qb3 d5 32. Qb2 Rc8 33. a4 Qb6 34. Rc3 1-0

[Event "GER-ch 86th"]
[Site "Saarbruecken"]
[Date "2015.12.10"]
[Round "8"]
[White "Stips, Felix"]
[Black "Bastian, Herbert"]
[Result "0-1"]
[WhiteElo "2319"]
[BlackElo "2328"]
[EventDate "2015.12.03"]
[PlyCount "164"]

1. Nf3 Nf6 2. c4 g6 3. Nc3 Bg7 4. e4 d6 5. d4 O-O 6. Be2 e5 7. dxe5 dxe5 8. Qxd8 Rxd8 9. Bg5 Nbd7 10. O-O-O Rf8 11. Nd5 c6 12. Ne7+ Kh8 13. Be3 Re8 14. Nxc8 Raxc8 15. g4 Rc7 16. Nd2 h6 17. h4 Nh7 18. c5 Nhf8 19. Bc4 Ne6 20. Bxe6 Rxe6 21. Nc4 Bf8 22. Kc2 Kg7 23. b4 b6 24. cxb6 axb6 25. Nxb6 Nxb6 26. Bxb6 Rb7 27. Bc5 Bxc5 28. bxc5 Rb5 29. a4 Rxc5+ 30. Kb3 Rf6 31. Rc1 Ra5 32. Kb4 Ra8 33. g5 Rxf2 34. gxh6+ Kxh6 35. Rxc6 Kh5 36. Rc5 f6 37. a5 Re2 38. Rc6 Rxe4+ 39. Kb5 f5 40. a6 Re2 41. Rb1 Ra2 42. Rb6 e4 43. Rg1 Rb2+ 44. Kc6 Rxb6+ 45. Kxb6 e3 46. Kb7 Rxa6 47. Kxa6 f4 48. Rg5+ Kxh4 49. Rxg6 f3 50. Re6 f2 51. Re4+ Kg5 52. Rxe3 f1=Q+ 53. Ka5 Qc1 54. Re5+ Kf4 55. Rb5 Ke4 56. Kb6 Kd4 57. Ra5 Qc4 58. Rb5 Qc8 59. Ra5 Kc4 60. Ra4+ Kb3 61. Rd4 Kc3 62. Rd6 Qb8+ 63. Kc5 Qf8 64. Kd5 Qf5+ 65. Kc6 Kc4 66. Kc7 Qf4 67. Kc6 Qf7 68. Kb6 Qe8 69. Rc6+ Kb4 70. Rc7 Qe3+ 71. Ka6 Qe6+ 72. Ka7 Kb5 73. Rb7+ Kc5 74. Rc7+ Kd6 75. Rb7 Qe3+ 76. Kb8 Qc5 77. Ra7 Qb6+ 78. Rb7 Qd8+ 79. Ka7 Kc6 80. Rb1 Qd4+ 81. Kb8 Qh8+ 82. Ka7 Qh7+ 0-1

[Event "GER-ch 86th"]
[Site "Saarbruecken"]
[Date "2015.12.10"]
[Round "8"]
[White "Svane, Rasmus"]
[Black "Hilverda, Alexander"]
[Result "1-0"]
[WhiteElo "2534"]
[BlackElo "2385"]
[EventDate "2015.12.03"]
[PlyCount "57"]

1. d4 d5 2. c4 dxc4 3. e4 Nc6 4. Nf3 Nf6 5. d5 Nxe4 6. Bxc4 e6 7. dxc6 Qxd1+ 8. Kxd1 Nxf2+ 9. Ke2 Nxh1 10. Be3 Bd6 11. Nbd2 Ng3+ 12. hxg3 Bxg3 13. Rc1 bxc6 14. Bd3 O-O 15. Nd4 e5 16. Nxc6 Bg4+ 17. Kf1 f5 18. Nf3 Bxf3 19. gxf3 e4 20. Bc4+ Kh8 21. f4 Bh4 22. Ne5 Bf6 23. Nf7+ Kg8 24. Nh6+ Kh8 25. Nf7+ Kg8 26. Bd5 Bxb2 27. Rc2 Rab8 28. Ne5+ Kh8 29. Ng6+ 1-0

[Event "GER-ch 86th"]
[Site "Saarbruecken"]
[Date "2015.12.10"]
[Round "8"]
[White "Tschann, Stephan"]
[Black "Voigt, Martin"]
[Result "1/2-1/2"]
[WhiteElo "2262"]
[BlackElo "2342"]
[EventDate "2015.12.03"]
[PlyCount "81"]

1. Nf3 d5 2. e3 Nf6 3. c4 c6 4. Nc3 Bf5 5. cxd5 cxd5 6. Qb3 Nc6 7. Qxb7 Bd7 8. Nb5 Rc8 9. Nxa7 Nxa7 10. Qxa7 Rc7 11. Qa6 Qb8 12. Ne5 e6 13. Nxd7 Nxd7 14. Bb5 Bd6 15. Qa4 Qb7 16. O-O O-O 17. Qa6 Qxa6 18. Bxa6 Nc5 19. Be2 Ra8 20. Rb1 Rxa2 21. b4 Ne4 22. Rd1 Nxd2 23. Rxd2 Rxc1+ 24. Rxc1 Rxd2 25. Rc8+ Bf8 26. Bf1 g5 27. b5 Kg7 28. Rc6 d4 29. exd4 Rxd4 30. b6 Rb4 31. g3 Be7 32. Ba6 Bf6 33. b7 Be5 34. Rc5 Kf6 35. Kg2 Rb6 36. Ra5 g4 37. h3 h5 38. Ra2 Rb1 39. Ra3 Rb2 40. hxg4 hxg4 41. Ra4 1/2-1/2

[Event "GER-ch 86th"]
[Site "Saarbruecken"]
[Date "2015.12.10"]
[Round "8"]
[White "Wild, Achim"]
[Black "Liedtke, Matthias"]
[Result "1-0"]
[WhiteElo "2182"]
[BlackElo "2286"]
[EventDate "2015.12.03"]
[PlyCount "59"]

1. Nf3 Nf6 2. c4 g6 3. d4 Bg7 4. g3 O-O 5. Bg2 d6 6. O-O Nbd7 7. Nc3 e5 8. e4 a6 9. Qc2 c6 10. Rd1 Qe7 11. h3 b5 12. c5 dxc5 13. dxe5 Ne8 14. Bg5 Qe6 15. Be3 Qe7 16. Ne2 Nc7 17. Bg5 Qe8 18. Qd2 Nxe5 19. Nxe5 Bxe5 20. Bh6 Bg7 21. Bxg7 Kxg7 22. Qc3+ Kg8 23. Qxc5 Ne6 24. Qb6 Bd7 25. Nc3 Qe7 26. e5 Nc5 27. b4 Na4 28. Nxa4 bxa4 29. Qb7 Rad8 30. Bxc6 1-0

[Event "GER-ch 86th"]
[Site "Saarbruecken"]
[Date "2015.12.11"]
[Round "9"]
[White "Bastian, Herbert"]
[Black "Keymer, Vincent"]
[Result "0-1"]
[WhiteElo "2328"]
[BlackElo "2342"]
[EventDate "2015.12.03"]
[PlyCount "92"]

1. e4 c5 2. Nc3 Nc6 3. g3 g6 4. Bg2 Bg7 5. d3 d6 6. Bg5 h6 7. Be3 Nf6 8. Nge2 e5 9. O-O O-O 10. h3 Nd4 11. f4 b5 12. a3 Bd7 13. Qd2 Kh7 14. b4 Qc8 15. Kh2 a5 16. bxc5 Qxc5 17. fxe5 dxe5 18. Rxf6 Bxf6 19. Nd5 Qd6 20. Nxf6+ Qxf6 21. Nxd4 exd4 22. Bxh6 Rfe8 23. Rf1 Qe6 24. Bg5 Ra6 25. e5 Bc6 26. Qf4 Bxg2 27. Kxg2 Qd5+ 28. Kg1 Rxe5 29. Bf6 Rf5 30. Qh4+ Rh5 31. Qg4 Re6 32. Bxd4 f5 33. Qf4 Rxh3 34. Rf3 Qd6 35. Qxd6 Rxd6 36. c3 Kg8 37. Be5 Re6 38. d4 Rh7 39. Rd3 Rd7 40. Bf4 Re4 41. Kf2 b4 42. axb4 axb4 43. Be3 b3 44. c4 Rb7 45. Rd1 b2 46. Rb1 Rb3 0-1

[Event "GER-ch 86th"]
[Site "Saarbruecken"]
[Date "2015.12.11"]
[Round "9"]
[White "Carow, Johannes"]
[Black "Zude, Erik"]
[Result "0-1"]
[WhiteElo "2431"]
[BlackElo "2394"]
[EventDate "2015.12.03"]
[PlyCount "102"]

1. c4 d6 2. Nc3 g6 3. d4 Nf6 4. e4 Bg7 5. f3 O-O 6. Be3 c5 7. Nge2 Nc6 8. d5 Ne5 9. Ng3 h5 10. Be2 h4 11. Nf1 e6 12. Nd2 exd5 13. cxd5 a6 14. a3 b5 15. O-O Nh7 16. f4 Nd7 17. Bd3 Rb8 18. Qc2 h3 19. b4 hxg2 20. Kxg2 cxb4 21. axb4 Ndf6 22. Nf3 Nh5 23. Rac1 Bg4 24. Ng1 a5 25. h3 Bd7 26. Na2 Re8 27. Nf3 N7f6 28. Rce1 Rc8 29. Qb1 a4 30. Ng5 Nh7 31. h4 Re7 32. Qd1 N5f6 33. Bd4 Qe8 34. Qa1 Qf8 35. Nxh7 Nxh7 36. Rc1 Rxc1 37. Rxc1 Bxd4 38. Qxd4 Qh6 39. Qf2 Nf6 40. Nc3 Re8 41. Re1 Qh8 42. e5 dxe5 43. fxe5 Rxe5 44. Rf1 Bf5 45. Bxf5 Rxf5 46. Qg3 Qh5 47. d6 Rxf1 48. Kxf1 Qf5+ 49. Ke1 a3 50. Qe3 a2 51. Nxa2 Qb1+ 0-1

[Event "GER-ch 86th"]
[Site "Saarbruecken"]
[Date "2015.12.11"]
[Round "9"]
[White "Donchenko, Alexander"]
[Black "Bischoff, Klaus"]
[Result "0-1"]
[WhiteElo "2582"]
[BlackElo "2497"]
[EventDate "2015.12.03"]
[PlyCount "72"]

1. d4 g6 2. c4 Bg7 3. Nf3 d6 4. g3 a6 5. Bg2 b5 6. O-O Nf6 7. Nc3 c6 8. e4 O-O 9. e5 Ne8 10. c5 dxc5 11. dxc5 Qxd1 12. Rxd1 Bg4 13. Bg5 Ra7 14. Rd8 Nc7 15. Bxe7 Rxd8 16. Bxd8 Ne6 17. Bb6 Rb7 18. Ne1 g5 19. Nd3 Rd7 20. Nb4 Bxe5 21. Re1 Bg7 22. h3 Bh5 23. Nxc6 Nxc6 24. Bxc6 Rd2 25. Be8 Rxb2 26. Nd5 Bd4 27. c6 Bxb6 28. Nxb6 Bf3 29. a4 bxa4 30. Nc4 Rc2 31. Ne5 Nd4 32. Ra1 Bd5 33. f4 gxf4 34. gxf4 f6 35. Ng4 Nf3+ 36. Kh1 f5 0-1

[Event "GER-ch 86th"]
[Site "Saarbruecken"]
[Date "2015.12.11"]
[Round "9"]
[White "Dorst, Johannes"]
[Black "Hirneise, Jens"]
[Result "0-1"]
[WhiteElo "2224"]
[BlackElo "2266"]
[EventDate "2015.12.03"]
[PlyCount "64"]

1. e4 c5 2. Nf3 Nc6 3. d4 cxd4 4. Nxd4 Nf6 5. Nc3 d6 6. Bg5 e6 7. Qd2 Be7 8. O-O-O O-O 9. f4 d5 10. e5 Nd7 11. Bxe7 Qxe7 12. Bb5 Nxd4 13. Qxd4 a6 14. Bxd7 Bxd7 15. Kb1 Rfc8 16. f5 Rc4 17. Qe3 Rac8 18. Rhf1 b5 19. f6 Qf8 20. Qa7 Be8 21. Qxa6 Qc5 22. Rc1 d4 23. Ne4 Qxe5 24. Rce1 R4c6 25. Qa3 g6 26. Qh3 h5 27. Re2 Ra6 28. Qd3 Rca8 29. a3 b4 30. Qd2 g5 31. Qxb4 Bb5 32. Nc3 Bxe2 0-1

[Event "GER-ch 86th"]
[Site "Saarbruecken"]
[Date "2015.12.11"]
[Round "9"]
[White "Fridman, Daniel"]
[Black "Braun, Christian1"]
[Result "1/2-1/2"]
[WhiteElo "2627"]
[BlackElo "2397"]
[EventDate "2015.12.03"]
[PlyCount "174"]

1. Nf3 Nf6 2. c4 g6 3. Nc3 d5 4. Qa4+ Bd7 5. Qb3 dxc4 6. Qxc4 Nc6 7. g3 Be6 8. Qa4 Qd7 9. Bg2 h6 10. O-O Bg7 11. b4 Nd5 12. b5 Ne5 13. Nxe5 Bxe5 14. Bb2 O-O 15. d4 Bg7 16. Nxd5 Bxd5 17. e4 Be6 18. Qb4 a5 19. Qa4 c6 20. bxc6 bxc6 21. e5 Bd5 22. Bxd5 Qxd5 23. Ba3 c5 24. Bxc5 Bxe5 25. Bxe7 Qxd4 26. Qxd4 Bxd4 27. Bxf8 Bxa1 28. Bxh6 Bf6 29. Rd1 Rc8 30. Rd6 Be7 31. Rd2 Rc1+ 32. Kg2 Ra1 33. h4 Bf6 34. Rc2 Rb1 35. Bc1 Rb4 36. Kf3 Ra4 37. Ke2 Kf8 38. Be3 Ke7 39. Kd3 Kd6 40. Bb6 Bg7 41. Be3 Bf6 42. Bc1 Kd5 43. Rd2 Bd4 44. Rc2 Bf6 45. f3 Be7 46. Ke2 f5 47. Be3 Bd6 48. Bf2 Ra3 49. g4 fxg4 50. fxg4 Ke4 51. Bg1 Be5 52. Bb6 Ra4 53. h5 gxh5 54. gxh5 Bf4 55. Bc5 Bh6 56. Kf2 Kd5 57. Bb6 Kd6 58. Kg3 Bf4+ 59. Kf3 Bg5 60. Bc7+ Ke6 61. Bg3 Kf5 62. Rc5+ Kf6 63. Be5+ Kf7 64. Bc3 Ra3 65. Kg4 Be7 66. Rc7 Rxa2 67. Be5 Ke6 68. Bf4 Rg2+ 69. Kf3 Rg1 70. Ra7 Bd6 71. Bd2 Rg3+ 72. Ke4 Rg4+ 73. Kf3 Rg3+ 74. Ke4 Rg4+ 75. Kd3 a4 76. Ra6 Rh4 77. h6 Kd5 78. Ra5+ Ke6 79. Ra6 Kd5 80. Ra5+ Ke6 81. Ra6 Kd5 82. Bg5 Rh5 83. Be3 Rh4 84. Ra5+ Ke6 85. Ra6 Kd5 86. Ra5+ Ke6 87. Ra6 Ke5 1/2-1/2

[Event "GER-ch 86th"]
[Site "Saarbruecken"]
[Date "2015.12.11"]
[Round "9"]
[White "Fuellgrabe, Thomas"]
[Black "Groeger, Stefan"]
[Result "1-0"]
[WhiteElo "2244"]
[BlackElo "2087"]
[EventDate "2015.12.03"]
[PlyCount "75"]

1. e4 c6 2. d4 d5 3. e5 Bf5 4. Nf3 e6 5. Be2 Ne7 6. O-O c5 7. dxc5 Nec6 8. Be3 Nd7 9. c4 dxc4 10. Na3 Bxc5 11. Nxc4 O-O 12. Qb3 Na5 13. Nxa5 Qxa5 14. Qxb7 Bxe3 15. Qxd7 Bf4 16. Qd4 Bh6 17. b4 Qa3 18. Qc4 Rab8 19. b5 Rfc8 20. Qb3 Qc5 21. a4 g6 22. Rfe1 Be4 23. Qa3 Qc7 24. Bf1 Bd5 25. g3 Qb7 26. Bg2 Bd2 27. Nxd2 Bxg2 28. f3 Rc2 29. Qd3 Rxd2 30. Qxd2 Bxf3 31. Rac1 Bd5 32. Rc3 Qb6+ 33. Qf2 Qa5 34. Rec1 Qxa4 35. Rc8+ Rxc8 36. Rxc8+ Kg7 37. Qf6+ Kh6 38. Qf4+ 1-0

[Event "GER-ch 86th"]
[Site "Saarbruecken"]
[Date "2015.12.11"]
[Round "9"]
[White "Hilverda, Alexander"]
[Black "Frischmann, Rick"]
[Result "1/2-1/2"]
[WhiteElo "2385"]
[BlackElo "2274"]
[EventDate "2015.12.03"]
[PlyCount "158"]

1. d4 d5 2. c4 Nc6 3. Nc3 dxc4 4. Nf3 Nf6 5. e4 Bg4 6. Be3 e6 7. Bxc4 Bb4 8. Qd3 Qe7 9. Bb5 Bxf3 10. gxf3 O-O 11. a3 Ba5 12. Bg5 h6 13. Bh4 e5 14. b4 Nxb4 15. axb4 Qxb4 16. Rxa5 Qxa5 17. O-O Nh5 18. Kh1 c6 19. Ba4 Nf4 20. Qe3 Ng6 21. Bg3 exd4 22. Qxd4 Rad8 23. Qe3 Qa6 24. Rc1 Rd3 25. Bb5 Qxb5 26. Nxb5 Rxe3 27. fxe3 cxb5 28. Rc7 a6 29. Rxb7 Re8 30. Kg2 Re6 31. Kf2 Ne5 32. Ke2 Nc6 33. Be1 Ne5 34. Bc3 f6 35. h3 Kh7 36. Bd4 h5 37. Bc3 Kh6 38. Bb4 Ng6 39. Kd3 Ne5+ 40. Ke2 Ng6 41. Kd3 Rc6 42. f4 Rc1 43. Rb6 Kh7 44. Rxa6 Rh1 45. Bd6 Rxh3 46. Kd4 Rh1 47. e5 fxe5+ 48. fxe5 h4 49. Ke4 h3 50. Ra2 b4 51. Bxb4 Rg1 52. Bd6 Rg2 53. Ra1 h2 54. Rh1 Rd2 55. Kf5 Kh6 56. Bc5 Kh5 57. Bd4 Nh4+ 58. Ke4 Kg4 59. e6 Nf5 60. Be5 Re2 61. Bxh2 Rxe3+ 62. Kd5 Rd3+ 63. Ke4 Re3+ 64. Kd5 Rd3+ 65. Kc6 g5 66. Bc7 Ne7+ 67. Kc5 Kf5 68. Re1 g4 69. Kc4 Rd2 70. Ba5 Rc2+ 71. Bc3 g3 72. Kd3 Ra2 73. Bb4 Ra7 74. Bc5 Rb7 75. Re2 g2 76. Rxg2 Kxe6 77. Bxe7 Rxe7 78. Re2+ Kd6 79. Rxe7 Kxe7 1/2-1/2

[Event "GER-ch 86th"]
[Site "Saarbruecken"]
[Date "2015.12.11"]
[Round "9"]
[White "Khenkin, Igor"]
[Black "Mueller, Nick"]
[Result "1-0"]
[WhiteElo "2594"]
[BlackElo "2175"]
[EventDate "2015.12.03"]
[PlyCount "125"]

1. d4 Nf6 2. c4 g6 3. Nc3 Bg7 4. e4 d6 5. f3 O-O 6. Be3 a6 7. Qd2 Nbd7 8. Nge2 c5 9. dxc5 dxc5 10. Rd1 Qc7 11. Nf4 e6 12. Nd3 b6 13. Be2 Bb7 14. Bf4 Qc6 15. Nf2 Rfe8 16. O-O Nf8 17. Bg5 Qc7 18. Qd6 Rac8 19. f4 N6d7 20. Be7 Bd4 21. Qxc7 Rxc7 22. Bd6 Rcc8 23. e5 Be3 24. g3 g5 25. fxg5 Ng6 26. h4 Ngxe5 27. Kh2 h6 28. gxh6 f5 29. Bh5 Kh7 30. Bxe8 Rxe8 31. Bxe5 Nxe5 32. Nd3 Ng4+ 33. Kh3 Kxh6 34. Rde1 Bd2 35. Re2 Bxc3 36. bxc3 Nf6 37. Rb2 Nd7 38. g4 fxg4+ 39. Kxg4 Rg8+ 40. Kh3 Be4 41. Rf7 Bxd3 42. Rxd7 Bf5+ 43. Kh2 Rg4 44. Rxb6 Rxh4+ 45. Kg3 Rxc4 46. Rb3 Ra4 47. Rd2 Kg5 48. Kf3 Be4+ 49. Ke3 Bd5 50. Rb8 Kf6 51. Rc8 Ra5 52. Rc2 Bxa2 53. c4 Bb1 54. Rb2 Ba2 55. Rc2 Bb1 56. Rc1 Bf5 57. Kd2 Ke5 58. Kc3 Ra3+ 59. Kb2 Rg3 60. Rxc5+ Kd4 61. Rc8 a5 62. c5 Be4 63. c6 1-0